[Event "Madrid-ch U14"]
[Site "Madrid"]
[Date "2022.04.03"]
[Round "3"]
[White "Jolani, Parnian"]
[Black "Garcia Trabanca, Ana"]
[Result "1-0"]
[WhiteElo "1643"]
[BlackElo "1519"]
[PlyCount "49"]
[EventDate "2022.04.02"]
[EventType "swiss"]
[EventRounds "6"]
[EventCountry "ESP"]
[SourceTitle "EXT 2024"]
[Source "ChessBase"]
[SourceDate "2023.10.10"]
[SourceVersion "1"]
[SourceVersionDate "2023.10.10"]
[SourceQuality "1"]

1. e4 g6 2. d4 d6 3. Nf3 Nf6 4. Bd3 Bg7 5. Be3 a6 6. h3 Nbd7 7. 0-0 0-0 8. Nc3 c5 9. e5 Ne8 10. exd6 exd6 11. Qd2 cxd4 12. Nxd4 Ne5 13. Be2 Nf6 14. Rad1 b5 15. f4 b4 16. Na4 Ne4 17. Qxb4 Ng3 18. Rfe1 Nxe2+ 19. Rxe2 Nd7 20. Nc6 Qh4 21. Qxd6 Nf6 22. Bf2 Qh5 23. Re5 Ne8 24. Qxf8+ Kxf8 25. Rxe8+ 1-0

[Event "Madrid-ch U14"]
[Site "Madrid"]
[Date "2022.04.03"]
[Round "2"]
[White "Lazaro Azcutia, Miguel"]
[Black "Jolani, Parnian"]
[Result "1/2-1/2"]
[WhiteElo "1621"]
[BlackElo "1643"]
[PlyCount "43"]
[EventDate "2022.04.02"]
[EventType "swiss"]
[EventRounds "6"]
[EventCountry "ESP"]
[SourceTitle "EXT 2024"]
[Source "ChessBase"]
[SourceDate "2023.10.10"]
[SourceVersion "1"]
[SourceVersionDate "2023.10.10"]
[SourceQuality "1"]

1. e4 e6 2. d4 d5 3. Nd2 Nf6 4. e5 Nfd7 5. Bd3 c5 6. c3 Nc6 7. Ne2 f6 8. exf6 Nxf6 9. Nf3 Bd6 10. 0-0 0-0 11. Bf4 Bxf4 12. Nxf4 Qc7 13. Ne2 e5 14. Nxe5 Nxe5 15. dxe5 Qxe5 16. Ng3 b6 17. Qc2 Qf4 18. Rae1 Bd7 19. Re7 Qh4 20. h3 Rad8 21. Bf5 Qf4 22. Rfe1 1/2-1/2

[Event "Madrid-ch Previa-A"]
[Site "Madrid"]
[Date "2022.03.07"]
[Round "1"]
[White "Jolani, Parnian"]
[Black "Lopez de Turiso, Jose Angel"]
[Result "0-1"]
[WhiteElo "1553"]
[BlackElo "1935"]
[PlyCount "94"]
[EventDate "2022.03.07"]
[EventType "swiss"]
[EventRounds "9"]
[EventCountry "ESP"]
[SourceTitle "EXT 2023"]
[Source "ChessBase"]
[SourceDate "2022.10.05"]
[SourceVersion "1"]
[SourceVersionDate "2022.10.05"]
[SourceQuality "1"]

1. e4 d5 2. exd5 Qxd5 3. Nc3 Qa5 4. Nf3 Nf6 5. Be2 Nc6 6. 0-0 Bg4 7. h3 Bh5 8. a3 0-0-0 9. Rb1 Bxf3 10. Bxf3 Nd4 11. Re1 Qf5 12. Be4 Nxe4 13. Nxe4 e5 14. d3 Qg6 15. Be3 f5 16. Bxd4 exd4 17. Nd2 Bd6 18. Qf3 c6 19. Nc4 Bc7 20. Re7 Rd7 21. Rbe1 Rxe7 22. Rxe7 Qg5 23. Qe2 Qf6 24. Re8+ Rxe8 25. Qxe8+ Bd8 26. Qh8 h6 27. Qe8 Qe7 28. Qxe7 Bxe7 29. Kf1 Kc7 30. Ke2 Bg5 31. g3 b5 32. Nd2 c5 33. b3 Kc6 34. b4 cxb4 35. axb4 Be7 36. Nb3 Kd5 37. Kd1 Bxb4 38. Nc1 a5 39. Na2 Ba3 40. Kd2 Bb2 41. f3 Kc5 42. h4 g6 43. g4 fxg4 44. fxg4 b4 45. Nc1 Bxc1+ 46. Kxc1 a4 47. Kb2 Kd5 0-1

[Event "San Sebastian Constitucion op"]
[Site "San Sebastian de los Reyes"]
[Date "2021.12.08"]
[Round "5"]
[White "Calvo Gutierrez, Hector"]
[Black "Jolani, Parnian"]
[Result "1-0"]
[WhiteElo "1799"]
[BlackElo "1462"]
[PlyCount "75"]
[EventDate "2021.12.04"]
[EventType "swiss"]
[EventRounds "8"]
[EventCountry "ESP"]
[SourceTitle "CBM 206 Extra"]
[Source "ChessBase"]
[SourceDate "2022.03.31"]
[SourceVersion "1"]
[SourceVersionDate "2022.03.31"]
[SourceQuality "1"]

1. d4 Nf6 2. Bf4 d5 3. e3 c5 4. Nc3 a6 5. dxc5 e6 6. Nf3 Bxc5 7. Bd3 Nc6 8. 0-0 0-0 9. Re1 d4 10. exd4 Nxd4 11. Be5 Nc6 12. Bg3 Nb4 13. Bh4 Nxd3 14. cxd3 Be7 15. Ne5 Qb6 16. Nc4 Qd4 17. Bg3 Rd8 18. Bc7 Rf8 19. Ne4 Nd7 20. Qf3 b5 21. Na5 Qa7 22. Rac1 Nc5 23. Qg3 Nxe4 24. Rxe4 Bb7 25. Be5 f6 26. Rc7 Rac8 27. Rg4 Rf7 28. h4 fxe5 29. Rxb7 Rc1+ 30. Kh2 Qxf2 31. Rb8+ Bf8 32. Rxg7+ Rxg7 33. Qxf2 Rf7 34. Qg3+ Rg7 35. Qxe5 Rcc7 36. Qxe6+ Rcf7 37. Nc6 h5 38. Rxf8+ 1-0

[Event "San Sebastian Constitucion op"]
[Site "San Sebastian de los Reyes"]
[Date "2021.12.06"]
[Round "3"]
[White "Pulido Vargas, Marco Antonio"]
[Black "Jolani, Parnian"]
[Result "0-1"]
[WhiteElo "1334"]
[BlackElo "1462"]
[PlyCount "108"]
[EventDate "2021.12.04"]
[EventType "swiss"]
[EventRounds "8"]
[EventCountry "ESP"]
[SourceTitle "CBM 206 Extra"]
[Source "ChessBase"]
[SourceDate "2022.03.31"]
[SourceVersion "1"]
[SourceVersionDate "2022.03.31"]
[SourceQuality "1"]

1. d4 Nf6 2. c4 e6 3. Nc3 d5 4. cxd5 exd5 5. Bg5 c6 6. Qc2 Be7 7. e3 Be6 8. Bd3 Nbd7 9. Nge2 h6 10. Bh4 Nb6 11. b3 Nc8 12. f3 Nb6 13. 0-0 Rc8 14. a3 a5 15. Rfb1 Nfd7 16. Bxe7 Qxe7 17. b4 Ra8 18. Na4 Nxa4 19. Qxa4 b5 20. Qc2 Nb8 21. Qc3 Qc7 22. Nf4 Qb6 23. Qc5 Qxc5 24. bxc5 Nd7 25. Nxe6 fxe6 26. Bg6+ Ke7 27. e4 Kf6 28. Bh5 dxe4 29. fxe4 Ke7 30. e5 Nf8 31. Rf1 g6 32. Bf3 Rc8 33. Be4 Rg8 34. Kf2 Kd7 35. Ke3 Rg7 36. Rf3 Kc7 37. Raf1 Nd7 38. Rf7 Rcg8 39. R1f6 Rxf7 40. Rxf7 h5 41. Rh7 b4 42. a4 Rc8 43. Kd2 Rf8 44. Ke3 b3 45. Bxg6 Rf1 46. Bd3 b2 47. Ke2 b1Q 48. Bxb1 Rxb1 49. Kd2 Rb2+ 50. Ke3 Rxg2 51. Rxh5 Rg7 52. h4 Nf8 53. Kf4 Rg1 54. Rg5 Ng6+ 0-1

[Event "ESP-chT Regional U14"]
[Site "Gijon"]
[Date "2021.06.20"]
[Round "6.4"]
[White "Jolani, Parnian"]
[Black "Salord Guillen, Joan"]
[Result "0-1"]
[WhiteElo "1388"]
[BlackElo "1577"]
[PlyCount "86"]
[EventDate "2021.06.17"]
[EventType "team-swiss"]
[EventRounds "6"]
[EventCountry "ESP"]
[SourceTitle "EXT 2022"]
[Source "ChessBase"]
[SourceDate "2021.10.06"]
[SourceVersion "1"]
[SourceVersionDate "2021.10.06"]
[SourceQuality "1"]
[WhiteTeam "Madrid U14"]
[BlackTeam "Baleares U14"]
[WhiteTeamCountry "ESP"]
[BlackTeamCountry "ESP"]

1. e4 c5 2. c3 d5 3. exd5 Qxd5 4. d4 Nf6 5. Nf3 Bg4 6. Be2 e6 7. h3 Bh5 8. 0-0 Nc6 9. Be3 cxd4 10. cxd4 Be7 11. Nc3 Qd6 12. Qb3 0-0 13. Rfd1 Rfd8 14. Rac1 Qb4 15. g4 Bg6 16. Bc4 Qxb3 17. Bxb3 Na5 18. Bc2 Rac8 19. g5 Bxc2 20. Rxc2 Nd5 21. Rdc1 Nb4 22. Re2 Nc4 23. Rd1 Nxb2 24. Rxb2 Rxc3 25. Kg2 b6 26. Bd2 Rc4 27. Rdb1 Nc6 28. Be3 Rc8 29. Rd1 Nb4 30. Ne1 Nd5 31. h4 Bd6 32. Nd3 Rc2 33. Rd2 Rxb2 34. Rxb2 Rc3 35. Rd2 f5 36. gxf6 gxf6 37. Kf1 Kg7 38. Ke2 f5 39. Rb2 f4 40. Bd2 f3+ 41. Kxf3 Rxd3+ 42. Ke4 Ra3 43. Be3 Rxa2 0-1

[Event "Madrid-ch U14"]
[Site "Madrid"]
[Date "2021.04.24"]
[Round "4"]
[White "Reyero Castro, Jorge"]
[Black "Jolani, Parnian"]
[Result "0-1"]
[WhiteElo "1520"]
[BlackElo "1394"]
[PlyCount "96"]
[EventDate "2021.04.17"]
[EventType "swiss"]
[EventRounds "5"]
[EventCountry "ESP"]
[SourceTitle "EXT 2023"]
[Source "ChessBase"]
[SourceDate "2022.10.05"]
[SourceVersion "1"]
[SourceVersionDate "2022.10.05"]
[SourceQuality "1"]

1. e4 e6 2. d4 d5 3. exd5 exd5 4. Bd3 c5 5. c3 Nc6 6. Nf3 Nf6 7. Be3 c4 8. Bc2 b5 9. Nbd2 Bd6 10. Qe2 Qe7 11. 0-0 Bg4 12. Rfe1 0-0 13. h3 Bh5 14. b3 Rfe8 15. Nf1 Ne4 16. Bd2 b4 17. bxc4 bxc3 18. Bc1 Nxd4 19. Qd3 Nxc2 20. Qxc2 Qf6 21. cxd5 Bxf3 22. gxf3 Qxf3 23. Re3 Qf5 24. a4 Bc5 25. Re2 Qxd5 26. Be3 Bxe3 27. Nxe3 Qg5+ 28. Ng2 Qf5 29. f3 Ng3 30. Qxf5 Nxf5 31. Rc2 Nd4 32. Rcc1 Ne2+ 33. Kf2 Nxc1 34. Rxc1 Rac8 35. Rc2 Red8 36. Ke3 Rd1 37. Ke2 Ra1 38. Ne3 Rxa4 39. Nd5 Kf8 40. Ne3 Rb4 41. Kd3 Rb2 42. Rxc3 Rxc3+ 43. Kxc3 Rh2 44. Kd3 Rxh3 45. Ke4 a5 46. Nc2 f5+ 47. Kf4 a4 48. Ke3 g5 0-1

[Event "San Sebastian Reyes op"]
[Site "San Sebastian de los Reyes"]
[Date "2020.12.08"]
[Round "4"]
[White "Vega De Alba, Miguel"]
[Black "Jolani, Parnian"]
[Result "1-0"]
[WhiteElo "1752"]
[BlackElo "1301"]
[PlyCount "107"]
[EventDate "2020.12.05"]
[EventType "swiss"]
[EventRounds "9"]
[EventCountry "ESP"]
[SourceTitle "EXT 2022"]
[Source "ChessBase"]
[SourceDate "2021.10.06"]
[SourceVersion "1"]
[SourceVersionDate "2021.10.06"]
[SourceQuality "1"]

1. d4 Nf6 2. c4 g6 3. Nc3 Bg7 4. Bg5 0-0 5. Nf3 d6 6. e3 c5 7. Be2 cxd4 8. exd4 Nbd7 9. 0-0 b6 10. Rc1 Bb7 11. Qd2 Re8 12. b4 Rc8 13. Rfd1 Bxf3 14. gxf3 Nf8 15. Bh4 Nh5 16. d5 Be5 17. Bg3 Nxg3 18. hxg3 Nd7 19. Nb5 Ra8 20. Nd4 Bxd4 21. Qxd4 Rc8 22. Kg2 e5 23. dxe6 Rxe6 24. Bd3 Qf6 25. Qxf6 Rxf6 26. f4 Nf8 27. Be4 Ne6 28. Bd5 Ng7 29. a4 Nf5 30. Rd3 Ne7 31. Kf3 g5 32. Be4 Kg7 33. Kg4 gxf4 34. gxf4 h5+ 35. Kf3 Ng6 36. Bxg6 fxg6 37. Rd4 g5 38. Rg1 g4+ 39. Kg3 h4+ 40. Kxh4 Rh8+ 41. Kg3 Re8 42. Rgd1 Ref8 43. Kxg4 R8f7 44. Kf3 Kf8 45. Re4 Rh7 46. Red4 Rhf7 47. Rh1 Kg7 48. Rh5 Kg8 49. a5 bxa5 50. Rxa5 Rh7 51. b5 Rh3+ 52. Kg4 Rh7 53. Ra6 Rhh6 54. f5 1-0